000 00884nam a22002657a 4500
001 BR8206237
003 BR-BrBNA
005 20230928091457.0
007 ta
008 230509b bl.||||| |||| 00| 0 por d
040 _aBR-BrBNA
_bpor
_cBiblioteca Nacional de Agricultura
041 _a(Por)
072 _aK20; F40
_b/G514
090 _ K20 BR8206237
110 1 _aInstituto Brasileiro de Desenvolvimento Florestal, Brasilia, DF. Depto. de Economia Florestal
_95737
245 1 _aPrograma de monitoramento da cobertura florestal do Brasil: alteracao da cobertura vegetal natural do estado de Rondonia
_bRelatorio tecnico
260 3 _aBrasilia, DF (Brasil):
_c1982.
300 _a68 p.
500 _a36 illus.; 16 tables
650 _aRECONHECIMENTO FLORESTAL
650 _aRONDONIA
650 _aCOBERTURA VEGETAL
909 _a202309
_bLucia
_c55
_dLucia Elande
942 _cBK
999 _c34035
_d34035